|
|
|
|
| LEADER |
01946nam a2200385 a 4500 |
| 001 |
EBC1120198 |
| 003 |
MiAaPQ |
| 005 |
20200520144314.0 |
| 006 |
m o d | |
| 007 |
cr cn||||||||| |
| 008 |
121011s2013 mdu sb 001 0 eng d |
| 010 |
|
|
|z 2012040038
|
| 020 |
|
|
|z 9781442221055 (cloth : alk. paper)
|
| 020 |
|
|
|a 9781442221062 (electronic bk.)
|
| 035 |
|
|
|a (MiAaPQ)EBC1120198
|
| 035 |
|
|
|a (Au-PeEL)EBL1120198
|
| 035 |
|
|
|a (CaPaEBR)ebr10655640
|
| 035 |
|
|
|a (CaONFJC)MIL445428
|
| 035 |
|
|
|a (OCoLC)855502577
|
| 040 |
|
|
|a MiAaPQ
|c MiAaPQ
|d MiAaPQ
|
| 050 |
|
4 |
|a HV687
|b .B795 2013
|
| 082 |
0 |
4 |
|a 362.1
|2 23
|
| 100 |
1 |
|
|a Budrys, Grace,
|d 1943-
|
| 245 |
1 |
0 |
|a How nonprofits work
|h [electronic resource] :
|b case studies in nonprofit organizations /
|c Grace Budrys.
|
| 260 |
|
|
|a Lanham :
|b Rowman & Littlefield Publishers,
|c c2013.
|
| 300 |
|
|
|a viii, 233 p.
|
| 504 |
|
|
|a Includes bibliographical references and index.
|
| 505 |
0 |
|
|a Introduction -- What makes nonprofit organizations special? -- The size and scope of the nonprofit sector -- Analytical framework -- The case presentation framework -- Two classic case studies -- Delivering nursing case in a person's home -- Confronting a highly contagious disease -- Needs of people with a significant physical impairment -- Helping people with various disabilities -- Battling the spread of HIV/AIDS -- Helping to overcome hunger -- Addressing the need for affordable housing -- Conclusion.
|
| 533 |
|
|
|a Electronic reproduction. Ann Arbor, MI : ProQuest, 2015. Available via World Wide Web. Access may be limited to ProQuest affiliated libraries.
|
| 650 |
|
0 |
|a Charities, Medical
|v Case studies.
|
| 650 |
|
0 |
|a Voluntary health agencies
|v Case studies.
|
| 650 |
|
0 |
|a Nonprofit organizations
|v Case studies.
|
| 655 |
|
4 |
|a Electronic books.
|
| 710 |
2 |
|
|a ProQuest (Firm)
|
| 856 |
4 |
0 |
|u https://ebookcentral.proquest.com/lib/matrademy/detail.action?docID=1120198
|z Click to View
|